| 000 | 00918nam a2200241 a 4500 | ||
|---|---|---|---|
| 003 | CBULib | ||
| 005 | 20240517074722.0 | ||
| 008 | 100511s2009 ||||||||||||||||| || u | ||
| 020 | _a9789211169980 | ||
| 040 |
_aCBULib _bEnglish _cCBULib _dCBULib _erda |
||
| 050 | _aUN-ECE(02)2009/4 | ||
| 110 | _aUnited Nations Economic Commission for Europe (UNECE) | ||
| 245 | 1 | 0 |
_aPolicy options and instruments for financing innovation: a practical guide to early-stage financing _c/by United Nations Economic Commission for Europe [UN-ECE] |
| 260 |
_aGeneva: _bUNITED NATIONS _c2009 |
||
| 300 | _aix, 62pages.: illustrations | ||
| 336 |
_2rdacontent _aText | _btxt |
||
| 337 |
_2rdamedia _aUnmediated | _bn |
||
| 338 |
_2rdacarrier _aVolume _bnc |
||
| 650 | _aBUSINESS ENTERPRISES--EUROPE--FINANCE | ||
| 650 | 0 | _aECONOMIC INNOVATIONS--EUROPE | |
| 942 |
_2lcc _c029 |
||
| 999 |
_c53864 _d53864 |
||